Ještě bije /
Dark romance ve stylu "enemies to lovers". Cora a Dean se již řadu let nesnášejí. Když se ale ocitnou v rukou šíleného maniaka, musejí začít spolupracovat, aby přežili.
Uloženo v:
| Hlavní autor: | |
|---|---|
| Další autoři: | |
| Médium: | Kniha |
| Jazyk: | Czech |
| Vydáno: |
Praha :
Cosmopolis,
2026
|
| Vydání: | První vydání |
| Témata: | |
| Celkem bylo vypůjčeno: | 0x |
| Tagy: |
Žádné tagy |
| LEADER | 02692nam a2200457 i 4500 | ||
|---|---|---|---|
| 001 | 106679 | ||
| 003 | CZ PrNK | ||
| 005 | 20260630144348.0 | ||
| 007 | ta | ||
| 008 | 260428s2026 xr g 000 f cze | ||
| 015 | |a cnb003754603 | ||
| 020 | |a 9788027157693 |q (brožováno) : |c Kč 449,00 | ||
| 040 | |a ABG001 |b cze |d ABA001 |e rda | ||
| 041 | 1 | |a cze |h eng | |
| 072 | 7 | |a 821.111(73)-3 |x Americká próza |2 Konspekt |9 25 | |
| 080 | |a 821.111(73)-31 |2 MRF | ||
| 080 | |a (0:82-312.5) |2 MRF | ||
| 080 | |a (0:82-312.4) |2 MRF | ||
| 100 | 1 | |a Hartmann, Jennifer |7 xx0344686 |4 aut |9 117533 | |
| 240 | 1 | 0 | |a Still beating. |l Česky |
| 245 | 1 | 0 | |a Ještě bije / |c Jennifer Hartmannová ; přeložila Jana Michalcová |
| 250 | |a První vydání | ||
| 264 | 1 | |a Praha : |b Cosmopolis, |c 2026 | |
| 300 | |a 317 stran ; |c 21 cm | ||
| 336 | |a text |b txt |2 rdacontent | ||
| 337 | |a bez média |b n |2 rdamedia | ||
| 338 | |a svazek |b nc |2 rdacarrier | ||
| 500 | |a Přeloženo z angličtiny | ||
| 520 | 2 | |a Dark romance ve stylu "enemies to lovers". Cora a Dean se již řadu let nesnášejí. Když se ale ocitnou v rukou šíleného maniaka, musejí začít spolupracovat, aby přežili. |b Dokud bije, jsi naživu. Cora a Dean se nesnáší už od střední. Což není ideální, protože Dean se má co nevidět stát jejím švagrem. Ale když Coře jednou v noci v baru ukradnou peněženku a Dean je jediný, kdo ji může odvézt domů, nezbývá jí nic jiného než přijmout jeho pomoc. Obyčejná jízda autem se však změní v noční můru, když je cestou přepadne šílený maniak, unese je a spoutá ve sklepě. Jestli chtějí přežít, musí po patnácti letech špičkování, nadávek a nekonečných pranků překonat vzájemnou averzi a začít spolupracovat. Cora a Dean však netuší, že jejich únosce s nimi má plán. Plán, který změní jejich vztah, setře hranici mezi nenávistí a láskou a navždy je k sobě připoutá, i když se zbaví řetězů. Jsou v tom spolu - bez ohledu na to, co je jejich nečekané pouto bude stát. Nakladatelská anotace. | |
| 655 | 7 | |a americké romány |7 fd131796 |2 czenas |9 53403 | |
| 655 | 7 | |a milostné romány |7 fd132840 |2 czenas |9 53718 | |
| 655 | 7 | |a thrillery (romány) |7 fd184206 |2 czenas |9 54254 | |
| 655 | 9 | |a American fiction |2 eczenas | |
| 655 | 9 | |a love novels |2 eczenas | |
| 655 | 9 | |a thrillers (novels) |2 eczenas | |
| 700 | 1 | |a Michalcová, Jana, |d 1987- |7 xx0240599 |4 trl |9 114548 | |
| 710 | 2 | |a Cosmopolis (nakladatelství) |7 ko20251277653 |4 pbl |9 117136 | |
| 910 | |a UOG502 | ||
| 942 | |2 ddc |c KN | ||
| 999 | |d 106679 | ||
| 993 | |0 0 |1 421180107403 |2 ddc |4 0 |7 0 |9 100181 |b 0 |c 107403 |d 2026-06-30 |e 0 |f DOSP |h 449.00 |i Koupě |l DOSP |r 2026-06-30 |t 6 |w 2026-06-30 |y KN |z BELET |n | ||